Yajna:Physical and Subtle (Record no. 192614)

MARC details
000 -LEADER
fixed length control field 00575nam a22001817a 4500
005 - DATE AND TIME OF LATEST TRANSACTION
control field 20220928105508.0
010 ## - LCCN (DPL NO)
LC control number ENG-135221
020 ## - INTERNATIONAL STANDARD BOOK NUMBER
International Standard Book Number 9788179941362
Terms of availability 250.00
035 ## - SYSTEM CONTROL NUMBER
System control number EN-118753
037 ## - SOURCE OF ACQUISITION
Source of stock number/acquisition DBAD/PUB
082 ## - DEWEY DECIMAL CLASSIFICATION NUMBER
Classification number 294.538
100 ## - MAIN ENTRY--PERSONAL NAME
Personal name Kashyap,R.L.
245 ## - TITLE STATEMENT
Title Yajna:Physical and Subtle
Statement of responsibility, etc by R.L.Kashyap
Remainder of title various yajna,modes of worship & inward practices/
260 ## - PUBLICATION, DISTRIBUTION, ETC. (IMPRINT)
Name of publisher, distributor, etc Sakshi
Date of publication, distribution, etc 2015
Place of publication, distribution, etc Bangalore
270 ## - ADDRESS
Address # 63,13th Main,4th Block East,Jayanagar,
City Bangalore
Postal code 560011
300 ## - PHYSICAL DESCRIPTION
Extent x,140p.
Dimensions 22cm(pbk)
942 ## - ADDED ENTRY ELEMENTS (KOHA)
Source of classification or shelving scheme Dewey Decimal Classification
Item type English Books
Classification part 294.538
Call number suffix KAS
Holdings
Withdrawn status Lost status Not for loan Collection code Home library Current library Date acquired Source of acquisition Cost, normal purchase price Full call number Barcode Copy number Cost, replacement price Koha item type
      Non-fiction Bawana Bawana 28/09/2022 DBAD/PUB 250.00 294.538 KAS B-118753 1 250.00 English Books

© Delhi Public Library
Hit Counter
free hit counter